Environmental toxicology / (رقم التسجيلة. 22524)
[ عرض عادي ]
| 000 -الفاتح | |
|---|---|
| حقل البيانات ثابتة الطول | 01260cam a22003377a 4500 |
| 001 - رقم الضبط | |
| رقم الضبط | 14649065 |
| 003 - محدد رقم الضبط | |
| رقم الضبط | OSt |
| 005 - وقت وتاريخ اخر تعامل مع التسجيلة | |
| رقم الضبط | 20150408114027.0 |
| 008 - عناصر البيانات ثابتة الطول - معلومات عامة | |
| حقل البيانات ثابتة الطول | 061128s2006 enkab b 101 0 eng d |
| 010 ## - رقم ضبط مكتبة الكونجرس | |
| رقم ضبط مكتبة الكونجرس | 2006285710 |
| 015 ## - رقم الببليوجرافية الوطنية | |
| رقم الببليوجرافية الوطنية | GBA677577 |
| المصدر | bnb |
| 016 7# - رقم ضبط الوكاله الوطنية للضبط الببليوجرافي | |
| رقم ضبط التسجيلة | 013444586 |
| المصدر | Uk |
| 020 ## - الرقم الدولى المعيارى للكتب | |
| الرقم الدولى المعيارى للكتاب | 1845640454 (hbk.) |
| 035 ## - رقم ضبط النظام | |
| رقم ضبط النظام | (OCoLC)ocm71345889 |
| 035 ## - رقم ضبط النظام | |
| رقم ضبط النظام | (OCoLC)71345889 |
| 040 ## - مصدر الفهرسة | |
| وكالة الفهرسة الأصلية | UKM |
| وكالة النسخ | UKM |
| وكالة التعديل | BAKER |
| -- | DLC |
| 042 ## - رمز التحقق | |
| رمز التحقق | ukblsr |
| -- | lccopycat |
| 050 00 - رقم طلب مكتبة الكونجرس | |
| رقم التصنيف | RA1226 |
| رقم المادة | .I53 2006 |
| 082 04 - رقم تصنيف ديوى العشرى | |
| رقم التصنيف | 615.902 |
| رقم الطبعة | 22 |
| 111 2# - المدخل الرئيسى - اسم مؤتمر | |
| اسم المؤتمر أو اسم السلطة كمدخل | International Conference on Environmental Toxicology |
| رقم جزء/قسم/الاجتماع | (1st : |
| تاريخ الاجتماع | 2006 : |
| موقع المؤتمر | Mykonos, Greece) |
| 9 (RLIN) | 12079 |
| 245 10 - بيان العنوان | |
| العنوان | Environmental toxicology / |
| بيان المسئوليه,etc | editors A. Kungolos ... [et al.]. |
| 260 ## - PUBLICATION, DISTRIBUTION, ETC. (IMPRINT) | |
| مكان الناشر او الموزع | Southampton : |
| اسم الناشر او الموزع | WIT, |
| تاريخ النشر أو التوزيع | c2006. |
| 300 ## - الوصف المادى | |
| التعداد | 362 p. : |
| تفاصيل ماديه اخرى للوعاء | ill., maps ; |
| أبعاد الوعاء | 24 cm. |
| 440 #0 - بيان السلسلة/مدخل إضافى-العنوان | |
| العنوان | WIT transactions on biomedicine and health, |
| الرقم الدولى المعيارى للدوريات | 1747-4485 ; |
| رقم المجلد/ التعيين التسلسلي | v. 10 |
| 9 (RLIN) | 12080 |
| 504 ## - تبصرة ببليوجرافية | |
| تبصرة ببليوجرافية,الخ | Includes bibliographical references and index. |
| 650 #0 - المدخل الاضافى بالموضوع-مصطلح موضوعى | |
| مصطلح موضوعي أو اسم جغرافي كعنصر مدخل | Environmental toxicology |
| التقسيم الفرعي الشكلي | Congresses. |
| 9 (RLIN) | 12074 |
| 700 1# - المدخل الاضافى - اسم شخصى | |
| الإسم الشخصى | Kungolos, A. |
| 9 (RLIN) | 12081 |
| 856 41 - الوصول و الموقع الالكترونى | |
| مواد محددة | Table of contents only |
| معرف المصدر الموحد | <a href="http://www.loc.gov/catdir/toc/fy0705/2006285710.html">http://www.loc.gov/catdir/toc/fy0705/2006285710.html</a> |
| 942 ## - عناصر المدخل الإضافي( كوها) | |
| مصدر التصنيف او مخطط الترفيف | Dewey Decimal Classification |
| Koha [default] item type | كتاب |
| حالة الفقد | نموذج السعر الفعال | حالة تلف | ليس للاعارة | رقم الطلب | تاريخ الاكتساب | الموقع الحالي | الباركود | الفرع الرئيسي | Date last seen | نوع المادة فى نظام كوها | مصدر التصنيف او خطة الترفيف | Total Checkouts |
|---|---|---|---|---|---|---|---|---|---|---|---|---|
| 2013-03-10 | 615.902 E N T | 2012-04-27 | المكتبة المركزية بالمجمعة (CL) | 00085430 | المكتبة المركزية بالمجمعة (CL) | 2013-03-10 | كتاب | Dewey Decimal Classification | ||||
| 2013-03-10 | 615.902 E N T | 2012-04-27 | المكتبة المركزية بالمجمعة (CL) | 00085431 | المكتبة المركزية بالمجمعة (CL) | 2013-03-10 | كتاب | Dewey Decimal Classification | ||||
| 2013-03-10 | 615.902 E N T | 2012-04-27 | المكتبة المركزية بالمجمعة (CL) | 00085416 | المكتبة المركزية بالمجمعة (CL) | 2013-03-10 | كتاب | Dewey Decimal Classification |
